000 00296nam a22001217a 4500
008 171228b xxu||||| |||| 00| 0 eng d
041 _aeng
080 _a610
100 _a4
101 _aSHM
245 _aORI introduction to the responsible conduct of research
_cSteneck, N.H
942 _2udc
_cBK
999 _c39526
_d39526